Statistics for Top 15 Celebrities Born In 1939

Click here to take the quiz!

General Stats

  • This quiz has been taken 100 times
  • The average score is 3 of 15

Answer Stats

Answer% Correct
Tina Turner
80%
Marvin Gaye
68%
John Cleese
52%
Ian McKellen
46%
Paul Hogan
33%
Lily Tomlin
14%
Maury Povich
7%
Neil Sedaka
6%
Ralph Lauren
6%
Cynthia Lennon
4%
Dusty Springfield
4%
Wes Craven
4%
Carolina Herrera
3%
Claudette Colvin
3%
Karel Gott
3%

Score Distribution

Percentile by Number Answered

Percent of People with Each Score

Your Score History

You have not taken this quiz